El surrealismo (Record no. 58590)

MARC details
000 -LEADER
campo de control de longitud fija 00935nam a2200265 i 4500
001 - NÚMERO DE CONTROL
campo de control 58590
003 - IDENTIFICADOR DE NÚMERO DE CONTROL
campo de control ES-MaACL
005 - FECHA Y HORA DE LA ÚLTIMA TRANSACCIÓN
campo de control 20250801145631.0
007 - CAMPO FIJO DE DESCRIPCIÓN FÍSICA--INFORMACIÓN GENERAL
campo de control de longitud fija t|
008 - DATOS DE LONGITUD FIJA--INFORMACIÓN GENERAL
campo de control de longitud fija 031023s1974 sp |||| | spa d
080 ## - NÚMERO DE LA CLASIFICACIÓN DECIMAL UNIVERSAL
Número de la Clasificación Decimal Universal 7.037.5
080 ## - NÚMERO DE LA CLASIFICACIÓN DECIMAL UNIVERSAL
Número de la Clasificación Decimal Universal 82.09"19"
100 1# - ENTRADA PRINCIPAL--NOMBRE DE PERSONA
Nombre de persona Durozoi, Gérard.
9 (RLIN) 158892
245 13 - MENCIÓN DEL TÍTULO
Título El surrealismo
Resto del título : [teorías, temas, técnicas] /
Mención de responsabilidad, etc. G. Durozoi, B. Lecherbonnier ; [traductor, Josep Elías].
260 ## - PUBLICACIÓN, DISTRIBUCIÓN, ETC.
Lugar de publicación, distribución, etc. [Madrid] :
Nombre del editor, distribuidor, etc. Guadarrama,
Fecha de publicación, distribución, etc. [1974]
300 ## - DESCRIPCIÓN FÍSICA
Extensión 317 p. ;
Dimensiones 18 cm.
490 1# - MENCIÓN DE SERIE
Mención de serie Colección universitaria de bolsillo Punto omega. Crítica literaria ;
Designación de volumen o secuencia 165
650 #4 - PUNTO DE ACCESO ADICIONAL DE MATERIA--TÉRMINO DE MATERIA
Término de materia o nombre geográfico como elemento de entrada Surrealismo (Arte)
9 (RLIN) 17267
650 #7 - PUNTO DE ACCESO ADICIONAL DE MATERIA--TÉRMINO DE MATERIA
Término de materia o nombre geográfico como elemento de entrada Surrealismo (Literatura)
Fuente del encabezamiento o término embne
9 (RLIN) 17269
700 1# - ENTRADA AGREGADA--NOMBRE PERSONAL
Nombre de persona Lecherbonnier, Bernard.
9 (RLIN) 158893
700 1# - ENTRADA AGREGADA--NOMBRE PERSONAL
Nombre de persona Elías, Josep.
9 (RLIN) 46965
830 0# - PUNTO DE ACCESO ADICIONAL DE SERIE-TÍTULO UNIFORME
Título uniforme Colección universitaria de bolsillo Punto omega. Crítica literaria ;
Designación de volumen o secuencia 165
9 (RLIN) 230478
852 ## - LOCALIZACIÓN
Ubicación ES-MaACL
Número de control de estantería E-6182
Holdings
Estatus retirado Estado de pérdida Estado de daño No para préstamo Biblioteca de origen Biblioteca actual Ubicación en estantería Fecha de adquisición Fuente de adquisición Total de préstamos Signatura topográfica completa Código de barras Visto por última vez Precio de reemplazo Tipo de ítem Koha
        Biblioteca del Ateneo de Madrid Biblioteca del Ateneo de Madrid Depósito 2 17/01/2008     E-6182 1061471 23/02/2023 23/02/2023 Libro impreso